000 01117nam a2200289 a 4500
003 BLK
005 20250620123120.0
008 220327b bu |||||r|||| 00| 0 bu d
020 _a9786197659382
040 _aBLK
041 _aBUL
_cBUL
080 _aУнгарска литература
_b821.511.141
_x-93-34
_z821.511.141-93-34
100 _9336379
_aБалинт, Агнеш
_eпърви автор
139 _aБалинт, Агнеш
_bБ 22
245 _aДжуджето, прасенцето Стафидко и Таде
_cАгнеш Балинт; ил. Владимир Сутеев, прев. Иванка Павлова
257 _aBGR
260 _9220232
_aСофия
_bМиранда
_c2022
_n978-619-7078-
300 _a70 с.
_bс цв. ил.
_c26 см
380 _aDX
653 _9186425
_aесен
700 _9599
_aСутеев, Владимир Григориевич
_eил.
700 1 _9105465
_aПавлова, Иванка Стаменова
_eпрев.
856 _i0.00
_ldisable
942 _cKNG
_n0
_s1
_036
944 _k30551
_lБояна Костадинова
999 _c490312
_d490312
999 _d490312